Statistics for Porsche Cars by Picture

Click here to take the quiz!

General Stats

  • This quiz has been taken 1,076 times
  • The average score is 6 of 8

Answer Stats

Answer% Correct
911
95%
Cayenne
87%
Panamera
80%
918 Spyder
79%
Carrera GT
79%
Macan
79%
Cayman
70%
Boxster
55%

Score Distribution

Percentile by Number Answered

Percent of People with Each Score

Your Score History

You have not taken this quiz